000 00429cam a2200181ua 4500
020 _c1.00
041 _ahin
_h
082 _a891.43
_bMIR/UM
100 _aMirza hadi, `Rugwa` .
245 _aUmravjan `Adha` /
_c`Rugwa` Mirza hadi.
_hTextual Documents
250 _a1 /
_b.
260 _a :
_bRajkamal Prakashan ,
_c1963.
300 _a109 ; .
365 _a1.00
504 _a
942 _cBK
999 _c2841
_d2841